Latitudes: architecture in the Americas, volume 3.
Uloženo v:
| Další autoři: | , |
|---|---|
| Médium: | Kniha |
| Jazyk: | angličtina |
| Vydáno: |
Austin, Texas, USA:
Center for American Architecture and Design,
2019
|
| Edice: | Center 22
|
| Témata: | |
| Tagy: |
Přidat tag
Žádné tagy, Buďte první, kdo vytvoří štítek k tomuto záznamu!
|
MARC
| LEADER | 00000nam a22000007a 4500 | ||
|---|---|---|---|
| 003 | CL-VaPUC | ||
| 005 | 20240621100928.0 | ||
| 008 | 211130b2019 ||||| |||| 00| 0 eng d | ||
| 999 | |c 434203 |d 434201 | ||
| 020 | |a 978-0-934951-33-3 | ||
| 040 | |c Pontificia Universidad Católica de Valparaíso | ||
| 082 | 0 | 4 | |2 21 |a 720.97 HOI 2019 |
| 100 | 1 | |a Hoidn, Barbara |e editor |9 864987 | |
| 245 | 1 | 0 | |a Latitudes: |b architecture in the Americas, volume 3. |
| 260 | |a Austin, Texas, USA: |b Center for American Architecture and Design, |c 2019 | ||
| 300 | |a 341 páginas | ||
| 490 | 0 | |a Center 22 | |
| 500 | |a Donación Profesor Ivan Ivelic Yanes. memo ARQ 03 15-11-2021 | ||
| 583 | |c 20211130 |k Sebastián Perez | ||
| 650 | 1 | 0 | |a Arquitectura americana |x Conferencias |9 266861 |
| 700 | |a Wang, Wilfried |e editor |9 864988 | ||
| 942 | |2 ddc |c BK | ||
| 952 | |0 0 |1 0 |2 ddc |4 0 |6 720_970000000000000_HOI_2019 |7 0 |8 A |9 579415 |a BIBARQ |b BIBARQ |d 2021-11-30 |e Donación |i 5627591 |l 1 |o 720.97 HOI 2019 |p 5627591 |r 2025-01-20 |s 2023-03-13 |t 1 |w 2021-11-30 |y BK |k ARQ | ||
| 952 | |0 0 |1 0 |2 ddc |4 0 |6 720_970000000000000_HOI_2019 |7 0 |8 A |9 579416 |a BIBARQ |b BIBARQ |d 2021-11-30 |e Donación |i 5627605 |l 1 |o 720.97 HOI 2019 |p 5627605 |r 2025-01-20 |s 2022-06-09 |t 2 |w 2021-11-30 |y BK |k ARQ | ||